Moving the Past: Embodied Research on Discontinued Movement Cultures

Saved in:

Other Authors: Talaga, Maciej (Editor)

Format: Book

Published: Oxford Archaeopress Publishing Ltd 2025

Tags: Add Tag

No Tags, Be the first to tag this record!

Call Number:

LEADER 00657namaa2200169 4500
001 9781805831921
003 UkOxAP
005 20260405155019.0
020 |a 9781805831938 
776 1 |x 9781805831921 
245 0 0 |a Moving the Past: Embodied Research on Discontinued Movement Cultures 
100 1 |a Talaga, Maciej  |e Editor  |l English 
856 4 2 |a http://library.arce.org:8087/Archaeopress/Products/9781805831938 
260 |a Oxford  |b Archaeopress Publishing Ltd  |c 2025 
270 |a Archaeopress Publishing Ltd, Summertown Pavillion, 18 -24 Middle Way, Summertown  |b Oxford  |d United Kingdom  |e OX2 7LG  |k 44-1865-311914  |m info@archaeopress.com 
942 |2 lcc  |c EBOOK 
999 |c 62165  |d 62165